00665nam a2200217Ia 450000500170000000800410001702000180005804100120007608200150008810000210010324501050012426000370022930000200026665000280028665000240031465000200033865000180035865000270037665000290040370000150043220260429111859.0260429s9999||||xx |||||||||||||| ||und|| a9788119684281 aEnglish a181.4bPAT aPathak, Ramkumar 0aAncient Indian knowledge system : bsecrets of science, spirituality and culture / cRamkumar Pathak aJaipur : bBook Enclave,c2025. avii, 248 p.; hb a Ancient Indian science a History of science a Indian culture a Spirituality a Traditional knowledge aIndian knowledge systems a Deepmala